| 000 | 00604cam a22001934a 4500 | ||
|---|---|---|---|
| 005 | 20250605164352.0 | ||
| 008 | 250528s ||||||||||||||||||||||||d | ||
| 035 | _a24119 | ||
| 040 |
_aGR-AtMCL _bgre _dGR-AtMCL _eAACR2 |
||
| 245 | 1 | _aPraying at the Altar of the Stars | |
| 260 | _c2006 | ||
| 300 | _a63 | ||
| 520 | _aDo You Know Your Own Strengths?, Education of Children in Care, Sexism, Playing to Your Strengths, Institutional Sexism in Academia. | ||
| 700 | 1 |
_aSutton Jon _99351 |
|
| 942 | _cCR | ||
| 710 | 2 |
_aThe British Psychological Society _99823 |
|
| 999 |
_c9018 _d9018 |
||